| 000 | 00465cam a2200193ua 4500 | ||
|---|---|---|---|
| 020 | _c29.75 | ||
| 041 |
_aeng _h |
||
| 082 |
_a591 _bSTO/GE |
||
| 100 | _aStorer, Tracy .I . | ||
| 245 |
_aGeneral zoology / _cI Tracy Storer. _hTextual Documents |
||
| 250 |
_a3 / _b. |
||
| 260 |
_a : _bMcGraw Hill Book Company , _c1951. |
||
| 300 | _a664 ; . | ||
| 365 | _a29.75 | ||
| 504 | _a | ||
| 700 | 1 | _aUsinger, Robert.L . | |
| 942 | _cBK | ||
| 999 |
_c2000 _d2000 |
||